00343nam a2200145Ia 4500008004100000084001100041100002200052245002600074250002000100260001000120260000900130260001300139300001000152500003500162180424s9999 xx 000 0 und d aT9 P20 a"Parthibaraja, K" 0aTamizh Mozhi Arasiyal a\\201000ENGGPSX aNcbh  b2010 cChennai  a248p. aincludes index and biblioraphy